00844 a2200241 4500010001400000020002300014035001300037037001500050082000800065090001700073245012300090260003700213270002600250300002900276500005000305650002800355700001600383700001900399700001800418942002200436999001500458952012900473 aENG-89066 a8124604061c750.0014aEN-725991 bDBAD / PUB14a460 c10147d101471 aThe Indic scripts :cedited by P.G. Patel, Pramod Pandey and Dilip Rajgorbpalaeographic and linguistic perspectives / aNew DelhibD.K. Printworldc2007 mdkprintworld@vsnl.net axiii, 266p.c25 cm ( Hb) aIncludes bibliographical references and index aBrahmi alphabet-History aPatel, P.G. aPandey, Pramod aRajgot, Dilip adplcENk460/ IND c9917d9917 00102ddc40718NFICaDBADbDBADeDBAD/PUBg750.00l0o460pEN-72599r2008-09-15 00:00:00t1u10929v750.00w2008-09-15yEN